Jig and fixture design / (Record no. 18160)
[ view plain ]
| 000 -LEADER | |
|---|---|
| fixed length control field | 00901pam a2200289 a 4500 |
| 001 - CONTROL NUMBER | |
| control field | 006908983 |
| 003 - CONTROL NUMBER IDENTIFIER | |
| control field | OSt |
| 005 - DATE AND TIME OF LATEST TRANSACTION | |
| control field | 20140323154610.0 |
| 008 - FIXED-LENGTH DATA ELEMENTS--GENERAL INFORMATION | |
| fixed length control field | 050412t2004 at ako frd 001 0 eng d |
| 020 ## - INTERNATIONAL STANDARD BOOK NUMBER | |
| International Standard Book Number | 1401811078 (pbk.) |
| 020 ## - INTERNATIONAL STANDARD BOOK NUMBER | |
| International Standard Book Number | 9781401811075 |
| 040 ## - CATALOGING SOURCE | |
| Original cataloging agency | StDuBDS |
| Modifying agency | UkCU |
| -- | Uk |
| 082 04 - DEWEY DECIMAL CLASSIFICATION NUMBER | |
| Classification number | 621.992 |
| Edition number | 22 |
| Item number | HOF |
| 100 1# - MAIN ENTRY--PERSONAL NAME | |
| Personal name | Hoffman, Edward G. |
| 9 (RLIN) | 35756 |
| 245 10 - TITLE STATEMENT | |
| Title | Jig and fixture design / |
| Statement of responsibility, etc | Edward G. Hoffman. |
| 250 ## - EDITION STATEMENT | |
| Edition statement | 5th ed. |
| 260 ## - PUBLICATION, DISTRIBUTION, ETC. (IMPRINT) | |
| Place of publication, distribution, etc | [Canberra] : |
| Name of publisher, distributor, etc | Delmar Cengage Learning, |
| Date of publication, distribution, etc | c.2004. |
| 300 ## - PHYSICAL DESCRIPTION | |
| Extent | xiv, 369 p. : |
| Other physical details | forms, photographs, tables ; |
| Dimensions | 28 cm. |
| 490 0# - Series Statement | |
| Series statement | Delmar, cengage learning drafting series |
| 500 ## - GENERAL NOTE | |
| General note | Includes appendix. |
| 500 ## - GENERAL NOTE | |
| General note | Glossary : p. 347-355. |
| 500 ## - GENERAL NOTE | |
| General note | Index : p. 359-369. |
| 650 #0 - SUBJECT ADDED ENTRY--TOPICAL TERM | |
| Topical term or geographic name as entry element | Jigs and fixtures |
| General subdivision | Design and construction |
| 9 (RLIN) | 35757 |
| 653 ## - INDEX TERM--UNCONTROLLED | |
| Resource For college | Engineering, Mechanical |
| Arrived date list | March2014 |
| 655 ## - INDEX TERM--GENRE/FORM | |
| Form subdivision | |
| -- | 34232 |
| 942 ## - ADDED ENTRY ELEMENTS (KOHA) | |
| Source of classification or shelving scheme | Dewey Decimal Classification |
| Call number prefix | 621.992 HOF |
| Withdrawn status | Item status | Source of classification or shelving scheme | Damaged status | Not for loan | Vendor | Home library | Current library | Shelving location | Date acquired | Source of acquisition | Cost, normal purchase price | Total Checkouts | Total Renewals | Full call number | Barcode | Date last seen | Date last borrowed | Cost, replacement price | Koha item type |
|---|---|---|---|---|---|---|---|---|---|---|---|---|---|---|---|---|---|---|---|
| Dewey Decimal Classification | Baccah | Central Library | Central Library | First floor | 23/03/2014 | 250.00 | 3 | 31 | 621.992 HOF | 000035791 | 15/07/2025 | 19/03/2017 | 312.50 | Book - Borrowing | |||||
| Dewey Decimal Classification | Baccah | Central Library | Central Library | First floor | 23/03/2014 | 250.00 | 5 | 16 | 621.992 HOF | 000035792 | 15/07/2025 | 01/03/2017 | 312.50 | Book - Borrowing |